| 000 | 00936cam a2200289 4500 | ||
|---|---|---|---|
| 001 | 3153148 | ||
| 003 | ARRUPE | ||
| 005 | 20221121104037.0 | ||
| 008 | 690814s1969 nyu b 000 0 eng | ||
| 010 | _a 74092116 | ||
| 028 | _bArrupe | ||
| 040 |
_aDLC _cDLC _dDLC |
||
| 050 | 0 | 0 |
_aBX1747 _b.D48 |
| 082 | 0 | 0 | _a230 |
| 245 | 0 | 4 |
_aThe Development of fundamental theology. _cEdited by Johannes B. Metz. |
| 260 |
_aNew York, _bPaulist Press _c[1969] |
||
| 300 |
_aviii, 180 p. _c24 cm. |
||
| 350 | _a4.50 | ||
| 490 | 1 | _aConcilium: theology in the age of renewal. Fundamental theology, v. 46 | |
| 504 | _aBibliographical footnotes. | ||
| 610 | 2 | 0 |
_aCatholic Church _xDoctrines _xHistory. |
| 650 | 0 |
_aApologetics _xHistory. _951872 |
|
| 700 | 1 |
_aMetz, Johann Baptist, _d1928, _eed. _951873 |
|
| 830 | 0 |
_aConcilium (Glen Rock, N.J.) ; _vv. 46. _951874 |
|
| 906 |
_a7 _bcbc _corignew _du _encip _f19 _gy-gencatlg |
||
| 942 |
_2lcc _cMONOGRAPH |
||
| 999 |
_c131543 _d131543 |
||